01572agaaa2200289 45000010005000000030009000050050017000140070009000310080040000400400023000800410013001031000048001161300039001642450121002032500022003242600107003463000033004535110052004865200302005385380016008405460013008566500082008697000061009519420012010129990019010249520239010431492IT-RoPAU20220918181303.0d cvaizq50131s9999||||xx ||| | || ||und|| aIT-RoPAUcIT-RoPAU aITALIANO aAA.VV. gCodice regista SPICS: 12000954025 aFRANCESCANI NELL'IMMACOLATA954026 aFRANCESCANI NELL'IMMACOLATAcDiretto da: AA.VV. pFRANCESCANI NELL'IMMACOLATA (Rif. Codice opera principale : E1492) aEdizione Standard aBENEVENTO (ITALIA)bCASA MARIANA REGINA DELLA PACE / g"1996 (1° ed.: 1996 ; Ed. Lingua Orig.: 1996)" aVHSbsonoro, col.c60 minuti a"Manelli Stefano; M.; Pellettieri Gabriele; M." aUN NOVELLO ISTITUTO DI FRATI E SUORE CONSACRATI A DIO E ALL'IMMACOLATA. UNISTITUTO FRANCESCANO E MARIANO CHE PROPONE AI GIOVANI D'OGGI IDEALI ARDIMENTOSI ISPIRATI DA S. FRANCESCO D'ASSISI E DA S. MASSIMILIANO KOLBE PER DONARE A TUTTI GLI UOMINI ATTRAVERSO L'IMMACOLATA CRISTO CROCIFISSO E RISORTO. aPAL, STEREO aITALIANO aDOCUMENTARIOeTV-PROGRAMMI RELIGIOSI [VHS]xCodice MATERIA SPICS: 9963936814 aAA.VV. e(regista/i)gCodice regista SPICS: 12000954025 cVH2ddc c107926d107926 0010406E_1492_00000000000000071aSPICSbSPICSd2015-01-31l0oE1492r2015-01-31 00:00:00w2015-01-31yVHzProgr. Ins.: 733 / N.Vol.:1 / Copie: 1 / Pag.: / Copia rara: n.d. / date import: 1.2.2015 / By Epidotti, Trombetti, Vaglietti